Devinez la Capitale Mystère #158 - Statistiques

Statistiques générales
  • Ce quiz a été pris 95 fois
  • Le résultat moyen est 30 sur 35
Statistiques - réponses
Type de Réponse Réponse % Correct
Lettre Trouvée A
100%
Lettre de l'Alphabet R
100%
Lettre de l'Alphabet E
99%
Lettre Trouvée I
99%
Lettre de l'Alphabet L
99%
Lettre Trouvée N
99%
Lettre Trouvée S
99%
Lettre de l'Alphabet O
97%
Lettre de l'Alphabet P
96%
Lettre de l'Alphabet T
93%
Lettre de l'Alphabet B
92%
Lettre de l'Alphabet D
92%
Lettre de l'Alphabet M
92%
Lettre de l'Alphabet C
88%
Lettre de l'Alphabet U
88%
Lettre de l'Alphabet G
87%
Lettre Trouvée K
85%
Lettre Bien Placée N
85%
Lettre Bien Placée A
83%
Lettre Bien Placée I
83%
Lettre de l'Alphabet V
83%
Lettre Trouvée H
81%
Lettre Bien Placée S
79%
Lettre de l'Alphabet W
79%
Lettre Bien Placée A
77%
Lettre Bien Placée S
77%
Lettre de l'Alphabet X
77%
Lettre de l'Alphabet Y
77%
Lettre de l'Alphabet J
76%
Lettre de l'Alphabet Z
72%
Lettre de l'Alphabet F
71%
Lettre Bien Placée K
71%
Lettre de l'Alphabet Q
71%
Lettre Bien Placée H
68%
Capitale Mystère Kinshasa
68%
Aucun quiz correspondant
Distribution des résultats
% des personnes avec chaque résultat
Percentile par nombre de réponses
Votre historique - résultats
Vous n’avez pas pris ce quiz